|
|
|
|
| LEADER |
01525nam a2200457 a 4500 |
| 001 |
000036019 |
| 003 |
CZ BrMZK |
| 005 |
20230615075324.0 |
| 007 |
ta |
| 008 |
950313s1995 xr e s 0dcze d |
| 015 |
|
|
|a cnb000114353
|
| 040 |
|
|
|a BOA001
|b cze
|
| 041 |
1 |
|
|a cze
|a ger
|
| 043 |
|
|
|a e------
|
| 045 |
|
|
|a x9x9
|
| 072 |
|
7 |
|a 796
|x Sport. Hry. Tělesná cvičení
|2 Konspekt
|9 20
|
| 080 |
|
|
|a 796.71.093
|2 MRF
|
| 080 |
|
|
|a 629.331
|2 MRF
|
| 080 |
|
|
|a 796.71.085
|2 MRF
|
| 080 |
|
|
|a 796.71.071.2
|2 MRF
|
| 080 |
|
|
|a (4)
|2 MRF
|
| 080 |
|
|
|a (048.8)
|2 MRF
|
| 080 |
|
|
|a (083.41)
|2 MRF
|
| 100 |
1 |
|
|a Dufek, Petr,
|d 1956-
|7 mzk2003188966
|4 aut
|
| 245 |
1 |
0 |
|a Ford Cup¸95 /
|c text Petr Dufek ; foto Jiří Křenek ... [et al.].
|
| 260 |
|
|
|a Praha :
|b Spektrum D,
|c 1995
|
| 300 |
|
|
|a 160 s. :
|b il. ;
|c 28 cm
|
| 500 |
|
|
|a Text též něm.
|
| 648 |
|
4 |
|a 1995
|
| 648 |
|
7 |
|a 1991-2000
|7 ch460587
|
| 648 |
|
7 |
|a 20. století
|7 ch460558
|
| 650 |
0 |
7 |
|a automobilové závody
|z Evropa
|y 1991-2000
|7 ph114106
|2 czenas
|
| 650 |
0 |
7 |
|a Ford (automobily)
|7 ph208178
|2 czenas
|
| 650 |
0 |
7 |
|a automobilové týmy
|z Evropa
|y 20. století
|7 ph214721
|2 czenas
|
| 650 |
0 |
7 |
|a automobiloví závodníci
|z Evropa
|y 20. století
|7 ph118704
|2 czenas
|
| 655 |
|
7 |
|a přehledy
|7 fd133202
|2 czenas
|
| 655 |
|
7 |
|a statistiky
|7 fd133589
|2 czenas
|
| 700 |
1 |
|
|a Křenek, Jiří,
|d 1933-2008
|7 jk01070042
|4 pht
|
| 910 |
|
|
|a BOA001
|b 4-1014.245
|
| 990 |
|
|
|a BK
|
| 996 |
6 |
|
|b 2610028101
|c 4-1014.245
|l MZK
|r Sklad / do 1 hodiny
|n 1
|p p.v.
|w 000036019
|u 000010
|a 1
|e BOA001
|j MZK50
|s P
|